000 01625cam a22004454i 4500
003 PE-LiUPU
005 20250731173205.0
008 150625s1966 sp r 000 0 spa d
035 _a(Sirsi) a31057
040 _aPE-LiUPU
_bspa
_cPE-LiUPU
_erda
082 0 4 _a220.468
_bB88
_221
100 1 _aBiblia.
_lEspañol
212 _aBiblia: Serafín de Ausejo
245 1 0 _aSagrada Biblia
_cCarta prólogo de D. José María Bueno Monreal, cardenal-arzobispo de Sevilla. Prefacio, introducciones y revisión general del R.P. Serafín de Ausejo, O.F.M. Cap.
264 1 _aBarcelona :
_bEditorial Herder,
_c1966.
300 _a1525 ;
_c16 centímetros
336 _atext
_2rdacontent
337 _aunmediated
_2rdamedia
338 _avolume
_2rdacarrier
505 0 _aDesde Genesis hasta el Apocalipsis.
526 _aSEG42
526 _aSEG41
526 _aSEG40
526 _aSEG39
526 _aP94
526 _aP87
526 _aP86
526 _aP85
526 _aP77
526 _aP76
526 _aP35
630 _aBiblia.
_lEspañol
700 _aBueno Monreal, José María,
_eprologuista
700 1 _aSerafín de Ausejo
_c(O.F.M. Cap.)
942 _2ddc
_cBOOK
949 _a220.468 B88
_wDEWEY
_c1
_i37002
_lCCODEBUL1
_mBUL
_p26.00
_r0
_sY
_tBOOK
_u2015-06-25
_xBIBLIOTECA
_zUNKNOWN
_0COMPRA
_o.STAFF. Colección Teologia
596 _a1
999 _a220.468 B88
_wDEWEY
_c38569
_i37002
_d38569
_e2022-7-12
_f2021-11-11
_g5
_lCCODEBUL1
_mBUL
_n32
_p26.00
_q11
_r0
_sY
_tBOOK
_u2015-6-25
_xTEOLOGIA
_PP35
_0COMPRA
_o.STAFF. Colección General
980 _81
_gALBERTO SANCHEZ Responsable de Automatización